| 000 | 01416nam0a22003131 4500 | ||
|---|---|---|---|
| 001 | v19\rc\1287231 | ||
| 005 | 20260406105402.0 | ||
| 035 | _a(NLR Aleph) 005200753 | ||
| 090 |
_a5307371 _c5307371 |
||
| 100 | _a20060306d1850 |||y0rusy50 ca | ||
| 101 | 0 |
_arus _akom |
|
| 102 | _aRU | ||
| 105 | _ay e |||z| | ||
| 200 | 1 | _aЗырянско-русский и русско-зырянский словарь, составленный Павлом Савваитовым | |
| 210 |
_aСанкт-Петербург _cы типографии Императорской Академии Наук _d1850 |
||
| 215 |
_a[2], VI, 497 с. _d21 |
||
| 606 | 1 |
_aКоми-зырянский язык _xСловари _xРусский язык _92114630 _3RU\NLR\AUTH\661581134 |
|
| 606 | 1 |
_aРусский язык _xСловари _xКоми-зырянский язык _92114632 _3RU\NLR\AUTH\661581135 |
|
| 617 |
_aРоссия _mЕвропейская часть _mСевер _cАрхангельская губерния |
||
| 686 | 3 | _aШ166.421-483 | |
| 686 | 3 | _aШ141.12-483 | |
| 700 | 1 |
_4070 _7ca _8rus _aСавваитов _bП. И. _f1815-1895 _gПавел Иванович _983723 _3RU\NLR\AUTH\77100797 |
|
| 801 | 0 |
_aRU _bNLR _c20060306 _gpsbo |
|
| 801 | 0 |
_aRU _bRuMoRGB _c20060306 _2psbo |
|
| 801 | 1 |
_aRU _bProSoft-M _c20060306 _2rusmarc |
|
| 801 | 2 |
_aRU _bNLR _c20120911 _2rusmarc |
|
| 852 |
_aNLR _j18.61.5.3 |
||
| 942 | _cBOOK | ||
| 980 | _aNB | ||